LDR 00692naa#a2200181#i#450# 001 EN\\bibl\125690 005 20260703214931.5 011 ## _a2782-5957 100 ## _a20260630b2026####ek#y0engy0150####ca 102 ## _aRU 200 1# _aOPTIMIZING THE REPAIR STRUCTURE OF BOGIE 18-9855 BASED ON THE EVALUATION OF INDICATORS OF RELIABILITY AND FORECAST OF WEAR VALUE IN FRICTION UNITS _eJournal article 210 1# _aBryansk _cBryansk State Technical University _d2026 215 ## _a8 с. 608 ## _aJournal article _2local 675 ## _aГрузовые вагоны. 629.463 _z 686 ## _aЖелезнодорожный транспорт. 392 _2bbk 700 #1 _aKruglova _gElena Aleksandrovna 856 4# _anaukaru.ru _u